Reinventing the warehouse : world class distribution logistics..
| Main Author: | |
|---|---|
| Format: | Book |
| Subjects: |
| LEADER | 00433cam a2200145 7i4500 | ||
|---|---|---|---|
| 001 | 0000004023 | ||
| 005 | 19991025090000.0 | ||
| 002 | ##000005468 | ||
| 020 | 0 | 0 | |a 0-02-913863-9 |
| 090 | 0 | 0 | |a B 658.785 |b HAR |
| 100 | 1 | 0 | |a Harmon |
| 245 | 1 | 0 | |a Reinventing the warehouse : |b world class distribution logistics.. |
| 300 | 0 | 0 | |a 364 p.. |
| 650 | 0 | 0 | |a Warehouses -- |x management business logistics |
| 999 | |a 0000006623 |b Book |c Open shelf |e Business Information Centre | ||


